000 00385cam a22001217a 4500
008 180718b1957 xxu||||| |||| 00| 0 eng d
082 _aP281x42
245 _aStandards of reading 1948-1956
_cby Ministry of Education
260 _aLondon
_bHer Majesty's Stationery Office
_c1957
300 _a46p.
440 _aMinistry of Education Pamphlet No.32
700 _aU.K. Ministry of Education
999 _c414750
_d414750